Music Quiz

Random Music or Song Quiz
Score 0/60 Timer 15:00
1 Play Today
Song Artist % Correct
Another Brick In The WallPink Floyd
78%
Rock With YouMichael Jackson
74.1%
Crazy Little Thing Called LoveQueen
68%
Call MeBlondie
59.9%
You May Be RightBilly Joel
55.8%
Let's Get SeriousJermaine Jackson
54.9%
Coward Of The CountyKenny Rogers
54.1%
The RoseBette Midler
52.6%
On The Road AgainWillie Nelson
50.7%
Little JeannieElton John
49.5%
Brass In PocketThe Pretenders
45.1%
The Long RunEagles
44.4%
Emotional RescueThe Rolling Stones
42%
FameIrene Cara
40.2%
Don't Do Me Like ThatTom Petty And The Heartbreakers
38.4%
Ladies NightKool And The Gang
36.1%
On The RadioDonna Summer
33.1%
Lost In LoveAir Supply
31%
Ride Like The WindChristopher Cross
30.5%
Coming Up (Live At Glasgow)Paul McCartney And Wings
29.1%
Master Blaster (Jammin')Stevie Wonder
28.1%
Wait For MeDaryl Hall And John Oates
27.3%
SaraFleetwood Mac
26.7%
JaneJefferson Starship
25.9%
MisunderstandingGenesis
25.9%
This Is ItKenny Loggins
25%
He's So ShyThe Pointer Sisters
24.7%
Fire LakeBob Seger
24.1%
Woman In LoveBarbra Streisand
23.6%
Late In The EveningPaul Simon
23.4%
Song Artist % Correct
MagicOlivia Newton-John
23.1%
Let My Love Open The DoorPete Townshend
22.5%
Please Don't GoKC And The Sunshine Band
21.7%
I Wanna Be Your LoverPrince
21.7%
Drivin' My Life AwayEddie Rabbitt
20.6%
Cruisin'Smokey Robinson
19.5%
Cool ChangeThe Little River Band
17.8%
LongerDan Fogelberg
17.1%
Working My Way Back To You/
Forgive Me Girl
Spinners
16.7%
We Don't Talk AnymoreCliff Richard
16%
All Over The WorldElectric Light Orchestra
14.8%
Daydream BelieverAnne Murray
13%
BoulevardJackson Browne
13%
Give Me The NightGeorge Benson
12.1%
Sexy EyesDr. Hook
12%
Real LoveThe Doobie Brothers
9.5%
Gimme Some Lovin'The Blues Brothers
8.8%
More LoveKim Carnes
8.4%
How Do I Make YouLinda Ronstadt
8.1%
One Fine DayCarole King
7.9%
Breakdown Dead AheadBoz Scaggs
7.5%
DesireAndy Gibb
6.8%
In AmericaCharlie Daniels
6.7%
Shining StarThe Manhattans
6.7%
All Night LongJoe Walsh
6.3%
The Second Time AroundShalamar
6%
Never Knew Love Like This BeforeStephanie Mills
5.8%
Yes, I'm ReadyTeri DeSario and KC
3.8%
Special LadyRay, Goodman And Brown
3.6%
Hold On To My LoveJimmy Ruffin
2%

You're not logged in!

Compare scores with friends on all Sporcle quizzes.
OR
Log In

Sporcle TV

Today on Sporcle TV


Watch our educational content, quiz creation guides, and fun videos on Sporcle TV.

Show Comments

Extras

Top Quizzes Today


Score Distribution

Paid Content

Your Account Isn't Verified!

In order to create a playlist on Sporcle, you need to verify the email address you used during registration. Go to your Sporcle Settings to finish the process.

Report this User

Report this user for behavior that violates our Community Guidelines.

Details: